000 00734nam a2200229Ii 4500
003 JO-AjNU
008 230605s9999||||xx |||||||||||||| ||und||
017 _a2008/5/1697
020 _a9957-16-406-5
040 _aJO-AjNU
_bara
_erda
_cJO-AjNU
041 _aara
050 1 4 _aBF128.A7.M87.2009
100 3 _aالعبيدي،محمد جاسم ,
_eauthor
_928532
245 0 0 _aالمدخل الى علم النفس العام
250 _aط1 الاصدار الثاني
264 3 1 _aعمان:دار الثقافة للنشر والتوزيع ،2009
300 _a358ص
336 _atext
_btxt
_2rdacontent
337 _aunmediated
_bn
_2rdamedia
338 _avolume
_bnc
_2rdacarrier
650 4 _aعلم النفس
_928533
999 _aA11078
_c14646
_d14646